Nechceme dotovať vlastnú konkurenciu HN hovoria s generálnym riaditeľom Slovenských telekomunikácií Ladislavom Mikušom

Bibliographic Details
Main Authors: Cziria, Erik (ain), Mikuš, Ladislav (Author)
Format: Article
Language:Slovak
PhysicalDescription:Fotogr.
ISSN:1335-4701
Subjects:

MARC

LEADER 00000nab a2200000 a 4500
001 vtls000794900
003 SK-MaSNL
005 20260303192052.0
008 140301c2002 xo 0 slo
015 |a SNBRB2002/05-16857 
035 |a CLN000146555 
040 |a SNKBUCL  |b slo  |c SNKBUCL  |e AACR2 
041 0 |a slo 
044 |a xo  |c SK 
080 |a 654:061.5(437.6):338.246  |2 1997 
100 1 |a Cziria, Erik  |4 ain  |9 839567 
245 1 0 |a Nechceme dotovať vlastnú konkurenciu  |b HN hovoria s generálnym riaditeľom Slovenských telekomunikácií Ladislavom Mikušom  |c [zhováral sa] Erik Czíria 
300 |b Fotogr. 
610 2 7 |a Slovenské telekomunikácie  |2 snkbucl  |9 34177 
655 7 |a články z novín a časopisov  |2 snkbucl  |9 267496 
700 1 |a Mikuš, Ladislav  |4 aut  |9 487191 
773 0 |t Hospodárske noviny  |g Roč. 10, č. 77 (22.4.2002)  |x 1335-4701 
773 0 |t [Príl.] Podniky a trhy  |g Č. 77 (2002), s. 10  |x 1335-4701 
850 |a Slovenská národná knižnica v Martine 
852 |a SNK  |b KIS3GCP 
958 |a SK 
992 |a RBX 
999 |c 2144302  |d 2146232